000 00944cad a22001935a 4500
001 L149770
008 100422e20100318xxk f s 000 0 eng d
035 _a(Sirsi) u149770
041 0 _aeng
110 2 _aCouncil of Mortgage Lenders
_95903
245 0 0 _aMarket commentary
_h[electronic resource]
490 _aCML Market Commentary
_vMarch 2010
520 _aVolatility in housing and mortgage market gives a distorted view for early 2010. The end of the stamp duty holiday at end of December which brought forward housing completions and the bad weather in January affected the market. Mortgage lending remains weak indicating that activity is at a low level.
590 _aKA
651 4 _aEngland and Wales
_y1543-
690 _aPROPERTY-RESIDENTIAL PROPERTY-RESIDENTIAL PROPERTY MARKET
856 4 0 _uhttps://live.cml.netxtra.net/cml/publications/marketcommentary/202
_zView the commentary free of charge at www.cml.org.uk
942 _n0
999 _c82276
_d82276